[Event "Dhaka Laila Alam Cup (Women) 12th"]
[Site "Dhaka"]
[Date "2022.05.08"]
[Round "4"]
[White "Essaba, Masnun"]
[Black "Mim, Akter"]
[Result "1-0"]
[WhiteElo "1316"]
[BlackElo "1039"]
[PlyCount "85"]
[EventDate "2022.05.05"]
[EventType "swiss"]
[EventRounds "7"]
[EventCountry "BAN"]
[SourceTitle "CBM 208 Extra"]
[Source "ChessBase"]
[SourceDate "2022.07.31"]
[SourceVersion "1"]
[SourceVersionDate "2022.07.31"]
[SourceQuality "1"]

1. e4 e5 2. Nf3 Nf6 3. Nc3 Nc6 4. Bc4 Bc5 5. 0-0 d6 6. Ng5 0-0 7. d3 Bg4 8. Nf3 Qd7 9. Ne2 Nh5 10. Be3 Rfe8 11. Bxc5 dxc5 12. Ng5 Qe7 13. Bxf7+ Kf8 14. Bxe8 Rxe8 15. Nf3 Kg8 16. c3 Rf8 17. Ng3 Nf4 18. Nf5 Qe6 19. Qb3 Qxb3 20. axb3 Bxf5 21. exf5 Rxf5 22. Rfd1 g5 23. h3 h5 24. Nh2 b6 25. Rd2 Rf6 26. Rf1 Rg6 27. g3 Nxh3+ 28. Kg2 g4 29. f3 Ng5 30. fxg4 hxg4 31. Nxg4 Kg7 32. Rdf2 e4 33. dxe4 Nxe4 34. Rf7+ Kh8 35. Rf8+ Rg8 36. Rxg8+ Kxg8 37. Nf6+ Nxf6 38. Rxf6 Ne5 39. Rf2 Nd3 40. Rd2 Ne5 41. b4 Nc4 42. Rc2 cxb4 43. cxb4 1-0

[Event "Dhaka Laila Alam Cup (Women) 12th"]
[Site "Dhaka"]
[Date "2022.05.07"]
[Round "3"]
[White "Khatun, Poly"]
[Black "Essaba, Masnun"]
[Result "0-1"]
[WhiteElo "1135"]
[BlackElo "1316"]
[PlyCount "90"]
[EventDate "2022.05.05"]
[EventType "swiss"]
[EventRounds "7"]
[EventCountry "BAN"]
[SourceTitle "CBM 208 Extra"]
[Source "ChessBase"]
[SourceDate "2022.07.31"]
[SourceVersion "1"]
[SourceVersionDate "2022.07.31"]
[SourceQuality "1"]

1. c4 c6 2. e3 d5 3. cxd5 cxd5 4. Nc3 Bf5 5. Qf3 e6 6. Bb5+ Nc6 7. a3 Nf6 8. Nh3 h6 9. Ba4 a6 10. d4 Be7 11. Nf4 0-0 12. Qg3 Bd6 13. h3 Bxf4 14. Qxf4 Ne4 15. Nxe4 Bxe4 16. Qg3 Qa5+ 17. Bd2 Qxa4 18. 0-0 Na5 19. Bb4 Rfe8 20. f3 Bh7 21. Bc3 Nc4 22. e4 Qd7 23. exd5 Qxd5 24. Rfe1 Qd6 25. f4 Rad8 26. d5 f6 27. Bxf6 Rd7 28. dxe6 Rxe6 29. Rxe6 Qxe6 30. Bc3 Qe3+ 31. Qxe3 Nxe3 32. Re1 Rd1 33. Kf2 Rxe1 34. Bxe1 Nd5 35. g3 Kf7 36. h4 Be4 37. b4 b5 38. g4 Nxf4 39. Kg3 Nd5 40. Bd2 Bc2 41. g5 hxg5 42. Bxg5 Nc3 43. h5 Ne4+ 44. Kf4 Nxg5 45. Kxg5 Bd3 0-1

[Event "BAN-ch (Women)"]
[Site "Dhaka"]
[Date "2022.01.05"]
[Round "8"]
[White "Jahanara, Haque"]
[Black "Essaba, Masnun"]
[Result "1-0"]
[WhiteElo "1710"]
[BlackElo "1295"]
[PlyCount "73"]
[EventDate "2021.12.29"]
[EventType "swiss"]
[EventRounds "11"]
[EventCountry "BAN"]
[SourceTitle "EXT 2023"]
[Source "ChessBase"]
[SourceDate "2022.10.05"]
[SourceVersion "1"]
[SourceVersionDate "2022.10.05"]
[SourceQuality "1"]

1. d4 g6 2. c4 d6 3. Nc3 Bg7 4. Nf3 e6 5. e3 Ne7 6. Be2 b6 7. 0-0 Nd7 8. Qc2 Bb7 9. b3 a6 10. Bb2 h6 11. Rac1 0-0 12. a3 f5 13. d5 e5 14. e4 Nf6 15. exf5 Nxf5 16. Ne4 Nxe4 17. Qxe4 Qf6 18. Bc3 Rae8 19. Qc2 Bc8 20. Bd3 Nh4 21. Nxh4 Qxh4 22. Bxg6 Re7 23. Be4 Kh8 24. Bd2 Bf6 25. Bf5 Bxf5 26. Qxf5 Rg8 27. Kh1 Reg7 28. Rg1 Bg5 29. Bxg5 Rxg5 30. Qf6+ Kh7 31. g3 Qd4 32. Qf3 e4 33. Qe3 Qxe3 34. fxe3 Rf8 35. Rcf1 Rf3 36. Rxf3 exf3 37. Rf1 1-0

[Event "BAN-chT (Women)"]
[Site "Dhaka"]
[Date "2021.09.13"]
[Round "6.1"]
[White "Noshin, Anjum"]
[Black "Essaba, Masnun"]
[Result "1-0"]
[WhiteElo "2004"]
[BlackElo "1309"]
[PlyCount "99"]
[EventDate "2021.09.08"]
[EventType "team-tourn"]
[EventRounds "9"]
[EventCountry "BAN"]
[SourceTitle "CBM 204 Extra"]
[Source "ChessBase"]
[SourceDate "2021.11.30"]
[SourceVersion "1"]
[SourceVersionDate "2021.11.30"]
[SourceQuality "1"]
[WhiteTeam "Bangladesh Navy (W)"]
[BlackTeam "Sonali Bank Sports (W)"]
[WhiteTeamCountry "BAN"]
[BlackTeamCountry "BAN"]

1. e4 c6 2. d4 d5 3. Nc3 dxe4 4. Nxe4 Bf5 5. Ng3 Bg6 6. h4 h6 7. Nf3 Nd7 8. h5 Bh7 9. Bd3 Bxd3 10. Qxd3 e6 11. Bd2 Ngf6 12. 0-0-0 Be7 13. Ne4 Nxe4 14. Qxe4 Nf6 15. Qe2 Qd5 16. c4 Qe4 17. Qxe4 Nxe4 18. Be3 f5 19. Nd2 Nf6 20. f3 0-0 21. Bf4 c5 22. Rde1 cxd4 23. Rxe6 Bb4 24. a3 Bxd2+ 25. Kxd2 Rfe8 26. Rd6 Rad8 27. Rxd8 Rxd8 28. Be5 Kf7 29. Rh4 b6 30. Kd3 Nd7 31. Bxd4 Nc5+ 32. Kc3 Ne6 33. b4 f4 34. Be5 g5 35. hxg6+ Kxg6 36. Bxf4 Nxf4 37. Rxf4 Rd1 38. Rd4 Rg1 39. g4 Rg3 40. Rf4 Kg5 41. Rf5+ Kg6 42. Rf8 Kg7 43. Rf4 Kg6 44. c5 bxc5 45. bxc5 Rg1 46. Rc4 Kg5 47. c6 Rc1+ 48. Kd4 Rd1+ 49. Kc5 Rd8 50. c7 1-0